Statistiques concernant Culture Générale - Série 2012

Cliquez ici pour prendre le quiz!

Statistiques générales

  • Ce quiz a été pris 83 fois
  • Le résultat moyen est 4 sur 10

Statistiques - réponses

QuestionRéponse% Correct
Complétez l'expression qui désigne un repas ou une fête organisé pour célébrer un emménagement : "pendre la ...crémaillère
94%
Comment appelle-t-on un oeuf de pou ?lente
91%
Dans quel pays européen se trouve la ville d'Aaarau ?Suisse
55%
Quel animal est appelé "cagouille" dans l'ouest de la France ?escargot
48%
Dans quel pays le titre respectueux "éfendi" est-il employé ?Turquie
40%
Le carvi est une plante proche du fenouil, de l'anis et de l'aneth, appelée aussi : "cumin des ... voir photoprés
21%
Comment s'appelle la plante originaire du Mexique, avec laquelle on fabrique des cordes ?sisal
16%
C'est une "doléance" en 5 lettres commençant par " g "grief
13%
Représentant extraordinaire du pape chargé d'une mission spécifique, généralement diplomatiquelégat
13%
Ce nom désigne un papillon d'Afrique et dans la mythologie grecque les 50 filles du roi Argosdanaïde
5%

Distribution des résultats

Percentile par nombre de réponses

% des personnes avec chaque résultat

Votre développement - résultats

Vous n’avez pas pris ce quiz